|
|
|
|
| LEADER |
00000cam a22000004a 4500 |
| 001 |
musev2_16993 |
| 003 |
MdBmJHUP |
| 005 |
20230905041834.0 |
| 006 |
m o d |
| 007 |
cr||||||||nn|n |
| 008 |
070214s2006 sa o 00 0 eng d |
| 020 |
|
|
|a 9781920355876
|
| 020 |
|
|
|z 9781920051402
|
| 035 |
|
|
|a (OCoLC)768119679
|
| 040 |
|
|
|a MdBmJHUP
|c MdBmJHUP
|
| 043 |
|
|
|a f------
|a f-sa---
|
| 050 |
|
4 |
|a HM753
|b .R45 2006
|
| 082 |
0 |
|
|a 305.80096
|2 22
|
| 245 |
0 |
0 |
|a Reflections on Identity in Four African Cities /
|c edited by Simon Bekker & Anne Leilde.
|
| 264 |
|
1 |
|a [Stellenbosch] :
|b African Minds,
|c 2006
|
| 264 |
|
3 |
|a Baltimore, Md. :
|b Project MUSE,
|c 2013
|
| 264 |
|
4 |
|c ©2006
|
| 300 |
|
|
|a 1 online resource (256 pages):
|b ill, maps.
|
| 336 |
|
|
|a text
|b txt
|2 rdacontent
|
| 337 |
|
|
|a computer
|b c
|2 rdamedia
|
| 338 |
|
|
|a online resource
|b cr
|2 rdacarrier
|
| 500 |
|
|
|a "This book arose out of an international three-year collaborative programme launched in 2001 and funded by South Africa's National Research Foundation (NRF) and France's Centre National de la Recherche Scientifique (CNRS)"--Pref. and acknowledgements.
|
| 504 |
|
|
|a Includes bibliographical references (p. [225]-241) and index.
|
| 506 |
0 |
|
|a Open Access
|f Unrestricted online access
|2 star
|
| 588 |
|
|
|a Description based on print version record.
|
| 650 |
0 |
7 |
|a Gruppenidentitat.
|2 swd
|
| 650 |
0 |
7 |
|a Ethnische Identitat.
|2 swd
|
| 650 |
|
1 |
|a South Africa
|x Civilization.
|
| 650 |
|
1 |
|a Africa
|x Social life and customs.
|
| 650 |
|
0 |
|a Nationalism
|z South Africa.
|
| 650 |
|
0 |
|a Nationalism
|z Africa.
|
| 650 |
|
0 |
|a Group identity
|z South Africa.
|
| 650 |
|
0 |
|a Group identity
|z Africa.
|
| 651 |
|
7 |
|a Lome.
|2 swd
|
| 651 |
|
7 |
|a Kapstadt.
|2 swd
|
| 651 |
|
7 |
|a Johannesburg.
|2 swd
|
| 651 |
|
7 |
|a Libreville.
|2 swd
|
| 651 |
|
0 |
|a Africa
|x Civilization.
|
| 651 |
|
0 |
|a South Africa
|x Social life and customs.
|
| 655 |
|
7 |
|a Electronic books.
|2 local
|
| 700 |
1 |
|
|a Leilde, Anne.
|
| 700 |
1 |
|
|a Bekker, S. B.
|
| 710 |
2 |
|
|a Project Muse.
|
| 710 |
2 |
|
|a Project Muse.
|e distributor
|
| 830 |
|
0 |
|a Book collections on Project MUSE.
|
| 856 |
4 |
0 |
|z Texto completo
|u https://projectmuse.uam.elogim.com/book/16993/
|
| 945 |
|
|
|a Project MUSE - Archive Global Cultural Studies Supplement
|
| 945 |
|
|
|a Project MUSE - Archive Complete Supplement
|
| 945 |
|
|
|a Project MUSE - Archive African Studies Foundation
|